| 000 | 00959cam a22003137a 4500 | ||
|---|---|---|---|
| 003 | CHAP | ||
| 005 | 20220817042206.0 | ||
| 008 | 971013s1977 r 00010 d | ||
| 010 | _a37222 | ||
| 011 | _a38194 | ||
| 035 | _a42314 | ||
| 040 | _cCHAP | ||
| 082 |
_a583.32 _bF35 |
||
| 110 | _aFAO | ||
| 245 | 1 | 0 |
_aFood legume crops _b: improvement and production |
| 260 |
_aRome : _bFAO, _c1977 |
||
| 300 |
_a248 p. _b; gráfs. |
||
| 490 | 0 |
_aFAO. Producción y protección vegetal _v; 9 |
|
| 590 |
_aBATCH-UPD _b10 _c20130110 _lUCH01 _h1241 |
||
| 590 |
_aBATCH-UPD _b10 _c20130410 _lUCH01 _h0807 |
||
| 590 |
_aBATCH-UPD _b10 _c20130914 _lUCH01 _h1428 |
||
| 590 |
_aCONVERSION _b10 _c20130109 _lUCH01 _h1321 |
||
| 650 | 1 | 4 |
_aLeguminosas. _965807 |
| 650 | 1 | 4 |
_aLeguminosas _xMejoramiento. _965838 |
| 830 | 0 |
_aFAO. Producción y protección vegetal _v; 9 _939654 |
|
| 901 | _aBK | ||
| 942 | _cLIBRO | ||
| 949 |
_a583.32 F35 _bBC _cFAO _d-97454 _eFAO1 _h47989 _i42314 _mD _si |
||
| 999 |
_c37222 _d37222 |
||